American critical pedagogy /

Salvato in:
Dettagli Bibliografici
Altri autori: Tasat, José Alejandro (compilador., autor.), Pedraza Goyeneche, Clara Esperanza (compiladora.), Mignolo, Walter (autor.), Segato, Rita (autora.)
Natura: eBook
Lingua:inglese
Pubblicazione: Bogotá : Sello Editorial UNAD, 2024.
Soggetti:
Accesso online:https://elibro.unach.elogim.com/es/lc/unach/titulos/288208
Tags: Aggiungi Tag
Nessun Tag, puoi essere il primo ad aggiungerne!!

MARC

LEADER 00000nam a2200000 i 4500
001 ELB288208
003 FINmELB
005 20251206013000.0
006 m o d |
007 cr cnu||||||||
008 251206s2024 ck ob 001 0 eng d
020 |a 9786287786233  |q (e-book) 
035 |a (OCoLC)1564682719 
040 |a FINmELB  |b spa  |e rda  |c FINmELB 
050 4 |a LB875  |b T37 2024 
080 |a 37.013 
082 0 4 |a 370.1  |2 23 
245 0 0 |a American critical pedagogy /  |c José Alejandro Tasat, Clara Esperanza Pedraza Goyeneche (compiladores) ; Walter Mignolo, Rita Segato, José Alejandro Tasat, Ricardo Salas Astrain, David Téllez Ramírez, Carla Wainsztok, Mauricio Langon, Egle Pitton, Fabiana Demarco, Alonso Bezerra De Carvalho, Fabiola Colombani, José Antonio Olivares Mena, Mariana Chendo, Magali Mendes de Menezes, Antonio De Jesús Nájera Castellanos, Víctor Del Carmen Avendaño Porras, Márcia Luísa Tomazzoni, Román Santiago Artunduaga Narváez. 
264 1 |a Bogotá :  |b Sello Editorial UNAD,  |c 2024. 
300 |a 1 recurso en línea (239 páginas) 
336 |a texto  |b txt  |2 rdacontent/spa 
337 |a computadora  |b c  |2 rdamedia/spa 
338 |a recurso en línea  |b cr  |2 rdacarrier/spa 
500 |a Incluye índice. 
504 |a Incluye bibliografía. 
588 |a Descripción basada en metadatos suministrados por el editor y otras fuentes. 
590 |a Recurso electrónico. Santa Fe, Arg.: elibro, 2025. Disponible vía World Wide Web. El acceso puede estar limitado para las bibliotecas afiliadas a elibro. 
650 4 |a Pedagogía crítica  |z Estados Unidos. 
650 4 |a Educación  |x Investigación. 
650 4 |a Enseñanza  |x Metodología. 
655 4 |a Libros electrónicos. 
700 1 |a Tasat, José Alejandro,  |e compilador. 
700 1 |a Pedraza Goyeneche, Clara Esperanza,  |e compiladora. 
700 1 |a Mignolo, Walter,  |e autor. 
700 1 |a Segato, Rita,  |e autora. 
700 1 |a Tasat, José Alejandro,  |e autor. 
797 2 |a elibro, Corp. 
856 4 0 |u https://elibro.unach.elogim.com/es/lc/unach/titulos/288208